Mentioned Countries in "Geography Now - Belarus" - Statistics

General Stats
  • This quiz has been taken 52 times
  • The average score is 6 of 7
Answer Stats
# Country % Correct
15 Lithuania
98%
9 Poland
98%
23 Russia
98%
11 Ukraine
98%
47 Belarus
91%
3 Latvia
91%
1 Belgium
16%
No matching quizzes found
Score Distribution
Percent of People with Each Score
Percentile by Number Answered
Your Score History
You have not taken this quiz